01122nam a22002297a 45000010005000000030006000050050017000110080041000280200016000690400029000850500008001140820010001221000023001322450043001552600055001983000049002534900021003025050008003235200512003315210029008435210020008729698FISKH20260130084819.0260130b cb ||||| |||| 00| 0 eng d a80600867387 aFISKHbengcFISKHdFISKH aPZ7 a331.7 aThe Clever Factory aHelping hands /cBy The Clever Factory aNashville : bThe clever Factory , Inc , c2008 .  a8 pages : bcolor illustrations ; c20 cm .  aValuable Lessons aH  aHelping Hands is a children’s book that teaches the importance of kindness, cooperation, and helping others. Through simple situations and illustrations, the book shows children how they can use their “helping hands” at home, at school, and in their community. It encourages positive behaviors like sharing, caring, being polite, and working together. The story helps young readers understand that even small acts of kindness can make a big difference and that everyone has the ability to help others.8 a430 bLexile estimate 8 aH bRaz-Plus